Beatles Albums by Cover - Statistics

General Stats
  • This quiz has been taken 551 times
  • The average score is 12 of 22
Answer Stats
Picture Hint Answer % Correct
26 September 1969 {Abbey} {Road}
84%
6 August 1965 (UK)
13 August 1965 (US)
{Help}!
83%
8 May 1970 {Let} {It} {Be}
82%
5 August 1966 (UK)
8 August 1966 (US)
{Revolver}
82%
26 May 1967 {Sgt}. {Pepper}'{s} {Lonely} {Hearts} {Club} {Band}
82%
22 November 1968 The {Beatles}
('The {White} {Album}')
82%
22 March 1963 (UK) {Please} {Please} {Me}
81%
22 November 1963 (UK) {With} the Beatles
81%
3 December 1965 (UK)
6 December 1965
{Rubber} {Soul}
80%
13 January 1969 {Yellow} {Submarine}
80%
26 June 1964 (US)
10 July 1964 (UK)
A {Hard} {Day}'{s} {Night}
78%
27 November 1967 {Magical} {Mystery} {Tour}
76%
4 December 1964 (UK) Beatles {for} {Sale}
65%
20 January 1964 (US) {Meet} the Beatles!
43%
3 February 1964 (US) {Twist} and {Shout}
37%
10 January 1964 (US) {Introducing}... The Beatles
29%
20 June 1966 (US) {Yesterday} and {Today}
27%
14 June 1965 (US) Beatles {VI}
16%
10 April 1964 (US) The Beatles' {Second} {Album}
16%
15 December 1964 (US) Beatles '{65}
14%
20 July 1964 (US) {Something} {New}
11%
11 May 1964 (CAN) The Beatles'
{Long} {Tall} {Sally}
5%
No matching quizzes found
Score Distribution
Percent of People with Each Score
Percentile by Number Answered
Your Score History
You have not taken this quiz